<?xml version="1.0" encoding="UTF-8"?>
<collection xmlns:xsi="http://www.w3.org/2001/XMLSchema-instance" xsi:schemaLocation="http://www.loc.gov/MARC21/slim http://www.loc.gov/standards/marcxml/schema/MARC21slim.xsd" xmlns="http://www.loc.gov/MARC21/slim">
 <record>
  <leader>00000ctm a22000004a 4500</leader>
  <controlfield tag="001">UP-99796217605976540</controlfield>
  <controlfield tag="003">Buklod</controlfield>
  <controlfield tag="005">20230503092542.0</controlfield>
  <controlfield tag="006">m    |o  d |      </controlfield>
  <controlfield tag="007">ta</controlfield>
  <controlfield tag="008">080210s1997    xx  a   r    |000 u|eng d</controlfield>
  <datafield tag="035" ind1=" " ind2=" ">
   <subfield code="a">(iLib)UPD-00000368765</subfield>
  </datafield>
  <datafield tag="040" ind1=" " ind2=" ">
   <subfield code="a">DML</subfield>
  </datafield>
  <datafield tag="041" ind1=" " ind2=" ">
   <subfield code="a">eng</subfield>
  </datafield>
  <datafield tag="042" ind1=" " ind2=" ">
   <subfield code="a">DMLUC</subfield>
  </datafield>
  <datafield tag="090" ind1=" " ind2=" ">
   <subfield code="a">LG 995</subfield>
   <subfield code="b">1997 L4 A53</subfield>
  </datafield>
  <datafield tag="100" ind1="1" ind2=" ">
   <subfield code="a">Andaquig, Evangeline E.</subfield>
   <subfield code="d">1947-</subfield>
  </datafield>
  <datafield tag="245" ind1="1" ind2="0">
   <subfield code="a">Library resources and services of private elementary schools in the Cordillera Administrative Region (CAR) as perceived by teachers and librarians</subfield>
   <subfield code="c">Evangeline E. Andaquig.</subfield>
  </datafield>
  <datafield tag="300" ind1=" " ind2=" ">
   <subfield code="a">254 leaves</subfield>
   <subfield code="b">ill.</subfield>
  </datafield>
  <datafield tag="500" ind1=" " ind2=" ">
   <subfield code="a">Computer print-out.</subfield>
  </datafield>
  <datafield tag="500" ind1=" " ind2=" ">
   <subfield code="a">Thesis (M.L.S.)--University of the Philippines, Diliman.</subfield>
  </datafield>
  <datafield tag="500" ind1=" " ind2=" ">
   <subfield code="a">Vita.</subfield>
  </datafield>
  <datafield tag="520" ind1=" " ind2=" ">
   <subfield code="a">The data gathering instrument was a questionnaire checklist on two aspects of a library program, namely library resources and library services.</subfield>
  </datafield>
  <datafield tag="520" ind1=" " ind2=" ">
   <subfield code="a">The following hypotheses were tested: 1) There is a significant difference in the teachers' and librarians' perceptions of library resources and services; 2) There is a significant difference in the perceptions of library resources and services of teachers by grade level taught.</subfield>
  </datafield>
  <datafield tag="520" ind1=" " ind2=" ">
   <subfield code="a">The statistical tests showed that there is a significant difference in the teachers' and librarians' perceptions of library resources and services; and perceptions of library resources vary with grade level taught.</subfield>
  </datafield>
  <datafield tag="520" ind1=" " ind2=" ">
   <subfield code="a">The study aimed to determine the strength and weaknesses of the school library resources and services of the 17 private elementary schools in the Cordillera Autonomous Region. The study attempted to answer the following: 1) What are the teachers' and librarians' perceptions of their library's resources and servicesn 2) Is there a significant difference between the teachers' and librarians' perceptionsn 3) Do teachers' perceptions vary with the grade level taughtn 4) What can be done to improve the school library resources and services included in the studyn</subfield>
  </datafield>
  <datafield tag="520" ind1=" " ind2=" ">
   <subfield code="a">To test the hypotheses, The chi-square was used to compare the perceptions of the teachers and librarians on library resources and services. The t-test was utilized to compare the perceptions of teachers by grade level taught on library resources and services.</subfield>
  </datafield>
  <datafield tag="650" ind1=" " ind2="0">
   <subfield code="a">Elementary school libraries</subfield>
   <subfield code="x">Use studies.</subfield>
   <subfield code="z">Philippines</subfield>
   <subfield code="z">Cordillera Region.</subfield>
  </datafield>
  <datafield tag="650" ind1=" " ind2="0">
   <subfield code="a">Library resources</subfield>
   <subfield code="x">Use studies.</subfield>
   <subfield code="z">Philippines</subfield>
   <subfield code="z">Cordillera region.</subfield>
  </datafield>
  <datafield tag="650" ind1=" " ind2="0">
   <subfield code="a">Library use studies</subfield>
   <subfield code="z">Philippines</subfield>
   <subfield code="z">Cordillera region.</subfield>
  </datafield>
  <datafield tag="650" ind1=" " ind2="0">
   <subfield code="a">School libraries</subfield>
   <subfield code="x">Use studies.</subfield>
   <subfield code="z">Philippines</subfield>
   <subfield code="z">Cordillera region.</subfield>
  </datafield>
  <datafield tag="842" ind1=" " ind2=" ">
   <subfield code="a">Thesis</subfield>
  </datafield>
  <datafield tag="905" ind1=" " ind2=" ">
   <subfield code="a">FI</subfield>
  </datafield>
  <datafield tag="905" ind1=" " ind2=" ">
   <subfield code="a">UP</subfield>
  </datafield>
  <datafield tag="950" ind1=" " ind2=" ">
   <subfield code="a">Thesis</subfield>
  </datafield>
  <datafield tag="852" ind1="0" ind2=" ">
   <subfield code="a">UPD</subfield>
   <subfield code="b">DARCHIVES</subfield>
   <subfield code="h">LG 995 1997 L4 A53</subfield>
  </datafield>
  <datafield tag="942" ind1=" " ind2=" ">
   <subfield code="a">Thesis</subfield>
  </datafield>
 </record>
</collection>
